000 00643nam a2200229 i 4500
001 8929
003 ES-MaACL
005 20230929062522.0
007 t|
008 921113s1992 sp d 00110 spa d
020 _a84-239-4399-2
080 _a806.0-3
245 0 0 _aDiccionario de la lengua española /
_cReal Academia Española.
250 _a21ª ed.
260 _aMadrid :
_bReal Academia Española,
_c1992.
300 _a1513 p. ;
_c30 cm.
650 4 _aLengua española-
_vDiccionarios.
_914137
710 2 _aReal Academia Española
_96336
852 4 _aES-MaACL
_jL-16449
852 4 _aES-MaACL
_jL-16450
999 _c8929
_d8929